<?xml version="1.0" encoding="UTF-8"?>
<record
    xmlns:xsi="http://www.w3.org/2001/XMLSchema-instance"
    xsi:schemaLocation="http://www.loc.gov/MARC21/slim http://www.loc.gov/standards/marcxml/schema/MARC21slim.xsd"
    xmlns="http://www.loc.gov/MARC21/slim">

  <leader>01203nab a2200313   4500</leader>
  <datafield tag="999" ind1=" " ind2=" ">
    <subfield code="c">23976</subfield>
    <subfield code="d">23976</subfield>
  </datafield>
  <controlfield tag="001">vtls012239766</controlfield>
  <controlfield tag="005">20251024081405.0</controlfield>
  <controlfield tag="008">230920|2016    xo |||| ||an ||00 0|slo d</controlfield>
  <datafield tag="040" ind1=" " ind2=" ">
    <subfield code="a">SPKCL</subfield>
    <subfield code="b">slo</subfield>
    <subfield code="e">rda</subfield>
    <subfield code="c">sk</subfield>
  </datafield>
  <datafield tag="041" ind1=" " ind2=" ">
    <subfield code="a">slo</subfield>
    <subfield code="b">slo</subfield>
  </datafield>
  <datafield tag="044" ind1=" " ind2=" ">
    <subfield code="a">xo</subfield>
    <subfield code="c">SK</subfield>
  </datafield>
  <datafield tag="072" ind1=" " ind2="7">
    <subfield code="a">37</subfield>
    <subfield code="x">V&#xFD;chova a vzdel&#xE1;vanie</subfield>
    <subfield code="2">konspekt</subfield>
  </datafield>
  <datafield tag="080" ind1=" " ind2=" ">
    <subfield code="a">37.01/.09:364-214(=214.58)</subfield>
    <subfield code="2">2011</subfield>
  </datafield>
  <datafield tag="080" ind1=" " ind2=" ">
    <subfield code="a">37.043.2:373.3</subfield>
    <subfield code="2">2011</subfield>
  </datafield>
  <datafield tag="100" ind1="1" ind2=" ">
    <subfield code="a">Facuna, Jozef</subfield>
    <subfield code="9">5116</subfield>
  </datafield>
  <datafield tag="245" ind1="1" ind2="0">
    <subfield code="a">Interkult&#xFA;rnym vzdel&#xE1;van&#xED;m v z&#xE1;kladnej &#x161;kole k soci&#xE1;lnej inkl&#xFA;zii &#x17E;iakov z r&#xF3;mskych komun&#xED;t</subfield>
    <subfield code="c">Jozef Facuna</subfield>
  </datafield>
  <datafield tag="300" ind1=" " ind2=" ">
    <subfield code="b">Grafy, fotografie, tabu&#x13E;ky</subfield>
  </datafield>
  <datafield tag="336" ind1=" " ind2=" ">
    <subfield code="a">text</subfield>
    <subfield code="b">txt</subfield>
    <subfield code="2">rdacontent</subfield>
  </datafield>
  <datafield tag="337" ind1=" " ind2=" ">
    <subfield code="a">bez m&#xE9;dia</subfield>
    <subfield code="b">n</subfield>
    <subfield code="2">rdamedia</subfield>
  </datafield>
  <datafield tag="338" ind1=" " ind2=" ">
    <subfield code="a">zv&#xE4;zok</subfield>
    <subfield code="b">nc</subfield>
    <subfield code="2">rdacarrier</subfield>
  </datafield>
  <datafield tag="546" ind1=" " ind2=" ">
    <subfield code="a">Anglick&#xE9; a slovensk&#xE9; resum&#xE9;</subfield>
  </datafield>
  <datafield tag="650" ind1="0" ind2="7">
    <subfield code="a">interkult&#xFA;rna v&#xFD;chova</subfield>
    <subfield code="2">SNKPH</subfield>
    <subfield code="9">5117</subfield>
  </datafield>
  <datafield tag="650" ind1="0" ind2="7">
    <subfield code="a">z&#xE1;kladn&#xE9; &#x161;koly</subfield>
    <subfield code="2">SNKPH</subfield>
    <subfield code="9">5118</subfield>
  </datafield>
  <datafield tag="650" ind1="0" ind2="7">
    <subfield code="a">integrovan&#xE1; v&#xFD;chova a vzdel&#xE1;vanie</subfield>
    <subfield code="2">SNKPH</subfield>
    <subfield code="9">5119</subfield>
  </datafield>
  <datafield tag="650" ind1="0" ind2="7">
    <subfield code="a">R&#xF3;movia</subfield>
    <subfield code="2">SNKPH</subfield>
    <subfield code="9">5120</subfield>
  </datafield>
  <datafield tag="655" ind1=" " ind2="7">
    <subfield code="a">BZB</subfield>
    <subfield code="2">SNKPH</subfield>
    <subfield code="9">5121</subfield>
  </datafield>
  <datafield tag="773" ind1="0" ind2=" ">
    <subfield code="t">Spolu s R&#xF3;mami dosiahneme viac : zborn&#xED;k pr&#xED;spevkov z medzin&#xE1;rodnej vedeckej konferencie</subfield>
    <subfield code="d">Bratislava : &#x160;t&#xE1;tny pedagogick&#xE1; &#xFA;stav, 2016</subfield>
    <subfield code="g">S. 26-35</subfield>
    <subfield code="z">9788081181702</subfield>
  </datafield>
  <datafield tag="958" ind1=" " ind2=" ">
    <subfield code="a">NB</subfield>
  </datafield>
  <datafield tag="952" ind1=" " ind2=" ">
    <subfield code="0">0</subfield>
    <subfield code="1">0</subfield>
    <subfield code="2">udc</subfield>
    <subfield code="4">0</subfield>
    <subfield code="7">0</subfield>
    <subfield code="8">D</subfield>
    <subfield code="a">10000</subfield>
    <subfield code="b">10000</subfield>
    <subfield code="d">2025-10-24</subfield>
    <subfield code="i">22332</subfield>
    <subfield code="o">S1604</subfield>
    <subfield code="p">S1604</subfield>
    <subfield code="r">2025-10-24</subfield>
    <subfield code="w">2025-10-24</subfield>
    <subfield code="y">OLDO</subfield>
  </datafield>
</record>
